Zpráva o 22. společné schůzi Sněmovny lidu a Sněmovny národů 5. volební období. 23. ledna 1990

Na minha lista:
Detalhes bibliográficos
Formato: Livro
Idioma:tcheco
Publicado em: Praha Federální shromáždění ČSSR 1990
Tags: Adicionar Tag
Sem tags, seja o primeiro a adicionar uma tag!

MARC

LEADER 00000nam a2200000 4500
001 c029088
005 20250606092119.5
041 0 |a cze 
044 |a CZ 
245 1 0 |a Zpráva o 22. společné schůzi Sněmovny lidu a Sněmovny národů  |b 5. volební období. 23. ledna 1990 
264 1 |a Praha  |b Federální shromáždění ČSSR  |c 1990 
300 |a 127 s.